| 000 | 00568nam a22001937a 4500 | ||
|---|---|---|---|
| 001 | 00028707 | ||
| 005 | 20260406113050.0 | ||
| 008 | 260406b ag ||||| |||| 00| 0 spa d | ||
| 020 | _a9872062811 | ||
| 040 |
_bspa _cAR-CcCEOS |
||
| 080 | _a982 | ||
| 090 | _bBLA | ||
| 100 | 1 |
_aBlaquier, Carlos Pedro _91018 |
|
| 245 |
_aConsideraciones sobre la historia politica argentina : _bOrĂgenes y causas de nuestra decadencia / _cCarlos Pedro Blaquier |
||
| 260 |
_aArgentina : _bLons, _cc2004. |
||
| 300 |
_a92 p. ; _c24x15 cm. |
||
| 650 | 0 | _ahistoria | |
| 942 |
_2udc _cBK |
||
| 999 |
_c28740 _d28740 |
||
| 945 |
_a66467 _bMelina Rolando _c66467 _dMelina Rolando |
||